MARC

LEADER 00000nam0a2200000 4500
001 279297
005 20231101235209.0
020 |a RU  |b 86-33174 
035 |a (RuTPU)RU\TPU\book\302575 
090 |a 279297 
100 |a 20141218d1986 k y0rusy5003 ca 
101 1 |a rus  |c eng 
102 |a RU 
105 |a a z 001zy 
200 1 |a Физика ион-ионных и электрон-ионных столкновений  |f под ред. Ф. Бруйара ; Дж. Мак-Гоуэна 
210 |a Москва  |c Мир  |d 1986 
215 |a 432 с.  |c ил. 
320 |a Библиогр. в конце глав 
320 |a Предм. указ.: с. 427-429 
606 1 |a Атомы  |x Столкновения  |2 stltpush  |3 (RuTPU)RU\TPU\subj\29797  |9 53059 
610 1 |a электрон-ионные столкновения 
610 1 |a протон-ионные столкновения 
610 1 |a термоядерный синтез 
610 1 |a диссоциативная рекомбинация 
610 1 |a электронный удар 
610 1 |a исследования 
610 1 |a сечения 
610 1 |a измерение 
610 1 |a ионные ловушки 
610 1 |a плазма 
675 |a 539.186  |v 4 
702 1 |a Бруйар  |b Ф.  |4 340 
702 1 |a Мак-Гоуэн  |b Дж.  |4 340 
801 0 |a RU  |b RuMRKP  |c 19950704  |g psbo 
801 1 |a RU  |b 63413507  |c 20141218 
801 2 |a RU  |b 63413507  |c 20170417  |g RCR 
942 |c BK